Statistics for Sports to Accessory Quiz

Click here to take the quiz!

General Stats

  • This quiz has been taken 24 times
  • The average score is 13 of 15

Answer Stats

Answer% Correct
Basketball
100%
Tennis
100%
Baseball
96%
Football
96%
Soccer
96%
Bowling
92%
Frisbee
92%
Golf
92%
Volleyball
92%
Hockey
88%
Softball
83%
Lacrosse
79%
Rugby
79%
Curling
71%
Cricket
42%

Score Distribution

Percentile by Number Answered

Percent of People with Each Score

Your Score History

You have not taken this quiz